Регионална библиотека "Любен Каравелов" - Русе

Детска енциклопедия Знание (Запис номер 97881)

MARC детайли
000 -Лидер
Контролно поле с фиксирана дължина 02719nam a2200457 c 4500
003 - Код на организацията, давaща контролен номер
Контролно поле BLK
005 - Дата и час на последна редакция
Контролно поле 20250630110216.0
008 - Елементи от данни с фиксирана дължина
fixed length control field 180409b bul|||||r ||||||| ||bul||
010 ## - Наследен системен номер
LC control number KNG00102796000
020 ## - Международен стандартен номер на книга ISBN
Международен стандартен номер на книга ISBN 954-8004-82-8
-- издат.: Абагар Холдинг - (многотомно)
020 ## - Международен стандартен номер на книга ISBN
Международен стандартен номер на книга ISBN 954-584-032-3
-- издат.: Абагар Холдинг - на том(т. 11)
040 ## - Източник на каталожния запис
Идентификатор на билиотеката - собственик на записа BLK
041 ## - Код за език
Код за езика на текст/звукозапис или на отделно заглавие Български
Код за езика КДБФ Български
080 ## - УДК
Текстов определител УДК Общи енциклопедии. Енциклопедични речници. Научни справочници. Отраслови енциклопедии и справочници се класират в съответните отдели с определител за форма
УДК код - определител по УДК 03
УДК определител
УДК - код + определител 03
080 ## - УДК
Текстов определител УДК Горива
УДК код - определител по УДК 662.6/.8
УДК определител (031)
УДК - код + определител 662.6/.8(031)
080 ## - УДК
Текстов определител УДК Термодинамика. Енергетика - Изменения на състоянието, уравнения за състоянието, първо начало на термодинамиката, механически еквивалент на топлината, второ начало на термодинамиката, ентропия,
УДК код - определител по УДК 536.7
УДК определител (031)
УДК - код + определител 536.7(031)
139 ## - Редно поле
Редна дума Детска енциклопедия Знание
Авторски знак Дес - Д 45
245 10 - Сведения за заглавието
Заглавие Детска енциклопедия Знание
Подзаглавни данни Т. 1 -
Редно поле (дума) авт. на том Стивън Сидънбърг; прев. на том Боряна Михайлова-Гечева.
Том Т. 11
Заглавие на том Горива и енергия
257 ## - Страна на издаване
Страна на създаване/издаване Великобритания
260 ## - Област на издателските данни
-- София
Година на издаване 1993 -
300 ## - Физическа характеристика
Размери/Мащаб 26 см
380 ## - Жанр
Жанр Детска отраслова лит.
500 ## - Общи забележки
Забележка Офс. изд.
650 #4 - Допълнително описание по предмет – тема
Основно описание – тема или топоним Горива - енциклопедии и справочници
9 (RLIN) 307328
650 #4 - Допълнително описание по предмет – тема
Основно описание – тема или топоним Енергия - енциклопедии
9 (RLIN) 307329
650 #4 - Допълнително описание по предмет – тема
Основно описание – тема или топоним Енциклопедии, детски
9 (RLIN) 154962
653 ## - Ключова дума – ненормативна
Ключова дума горива
653 ## - Ключова дума – ненормативна
Ключова дума енергия
653 ## - Ключова дума – ненормативна
Ключова дума енциклопедии
653 ## - Ключова дума – ненормативна
Ключова дума детска литература
653 ## - Ключова дума – ненормативна
Ключова дума литература за деца
700 1# - Други автори (авторска отговорност)
Лично име Сидънбърг, Стивън
Автороска отговорност (Описва отношението между автора и произведението) авт. на том
9 (RLIN) 120106
700 1# - Други автори (авторска отговорност)
Лично име Михайлова-Гечева, Боряна
Автороска отговорност (Описва отношението между автора и произведението) прев. на том
9 (RLIN) 363494
760 1# - Описание на основната серия
-- - (многотомно)
Място на издаване, издател и година Абагар Холдинг, 1993
Страници - том 63 с. : с цв. ил.
Забележка - том Ориг. загл. Fuel and Energy / Steven Seidenberg. - 30 200 тир. - Речник ; Предм. показалец.
Заглавие Т. 11 Горива и енергия
852 ## - Местоположение
Форматна сигнатура Цб ІІ 11684
856 4# - Електронен адрес и достъп
Електронен формат pdf - файл
Път до файла /url/
856 4# - Електронен адрес и достъп
Електронен формат pdf - файл
Път до файла /url/
942 ## - АРТИКУЛИ
Вид на библиотечния материал Книги
Скрит в OPAC Не
Koha issues (borrowed), all copies 1
944 ## - СЪЗДАВАНЕ И РЕДАКЦИЯ на ЗАПИСА
Създаване/Редакция Създаване
Дата на регистрацията/редакция 01.01.1999
Статус, дата на статуса Иваничка Йорданова
Служител, извършил регистрацията/редакцията 30553
944 ## - СЪЗДАВАНЕ И РЕДАКЦИЯ на ЗАПИСА
Създаване/Редакция Редакция
Дата на регистрацията/редакция 07.06.2017
Статус, дата на статуса ф /
Служител, извършил регистрацията/редакцията Людмила_Стоянова
999 ## - СИСТЕМНИ КОНТРОЛНИ НОМЕРА
Koha biblionumber 97881
Koha biblioitemnumber 97881
Наличности
Код за отписване Код за изгубен артикул Източник на класификационната схема Код за повреда Коз за рестрикции Код за отдаване Артикулен № Име на библиотеката - собственик Име на библиотеката, в която се намира в момента Статус (Текущо местоположение) Дата на вписване в системата Местоположение - отдел Цена в лева Инвентарен номер Систематично азбучна сигнатура Баркод Номер на екземпляра Цена в евро Служебна бележка Служебен тип на артикула
  Не е изгубен Universal Decimal Classification Не е повреден само за читалня ползва се в читалня 157596 Регионална библиотека "Любен Каравелов" Русе Регионална библиотека "Любен Каравелов" Русе Хранилище 1993-01-01 Хранилище 49.00 594218 Цб II 11684 120000594218 1 25.05 Дост: Dp Вид: Д N: стар фонд Дата: 01.01.1993 Книги
Изтеглен Не е изгубен Universal Decimal Classification Не е повреден без рестрикции заемане за дома 157597 Регионална библиотека "Любен Каравелов" Русе Регионална библиотека "Любен Каравелов" Русе Детски отдел 1993-01-01 Детски отдел 3.43 593288 ДН 0/Д 45 593288 2 1.75 Дост: Pk Вид: Ф N: стар фонд Дата: 01.01.1993 Дата инв: 30.09.2015 Бележки инв: Д2015 Книги
Изтеглен Не е изгубен Universal Decimal Classification Не е повреден без рестрикции заемане за дома 157598 Регионална библиотека "Любен Каравелов" Русе Регионална библиотека "Любен Каравелов" Русе Детски отдел 1993-01-01 Детски отдел 49.00 593289 ДН 0/Д 45 593289 3 25.05 Дост: Pk Вид: Ф N: стар фонд Дата: 01.01.1993 Дата инв: 25.08.2015 Бележки инв: Д2015 Книги
Изтеглен Не е изгубен Universal Decimal Classification Не е повреден без рестрикции заемане за дома 157599 Регионална библиотека "Любен Каравелов" Русе Регионална библиотека "Любен Каравелов" Русе Детски отдел 1993-01-01 Детски отдел 3.43 649993 ДН 0/Д 45 649993 4 1.75 Дост: Pk Вид: Ф N: стар фонд Дата: 01.01.1993 Дата инв: 25.08.2015 Бележки инв: Д2015 Книги
  Не е изгубен   Не е повреден без рестрикции заемане за дома 157600 Регионална библиотека "Любен Каравелов" Русе Регионална библиотека "Любен Каравелов" Русе Детски отдел 2017-05-04 Детски отдел 19.00 120000810657 ДН 0/Д 45 120000810657 5 9.71 Дост: DA Вид: А N: 19 Дата: 04.05.2017 Книги
Vip Innovations Ltd, Rousse, Bulgaria 2025